| 000 | 01840nam2a22002411 4500 | ||
|---|---|---|---|
| 001 | RU\NLR\A1SV\87403 | ||
| 005 | 20251203152403.2 | ||
| 035 | _a(NLR Aleph) 009768783 | ||
| 090 |
_a13484225 _c13484225 |
||
| 100 | _a20080507d1925 u y0rusy50 ca | ||
| 101 | 0 | _arus | |
| 200 | 1 |
_aСб. ..., посвященный вопросам преподавания математики в трудовой школе 2 ступени _f[Науч.-метод. сов. Ленингр. ГОНО. Математ. комис.] |
|
| 210 | _d1925 | ||
| 215 | _a187, [2] с. | ||
| 300 | _aНа обл. подзагол.: Сб., посвящ. вопр. преподавания математики в трудовой шк. | ||
| 300 | _aКоллектив указан на обл. | ||
| 461 | 1 |
_1001RU\NLR\A1SV\87400 _12000#$aМатематика в школе$eНепериод. изд., посвящ. вопр. преподавания математики в Трудовой шк. 1 и 2 ступ.$eСб.$fИзд. при ближайшем участии: С.А.Богомолова, И.П.Глаголева, И.И.Грацианского [и др.]$gОтв. ред. И.И.Грацианский$gорган Математ. комис. Учеб.-пед. секции Науч.-метод. сов. ЛГОНО$v№ 3 _910047436 _cЛ. _d1924-1926 _fИзд. при ближайшем участии: С.А.Богомолова, И.П.Глаголева, И.И.Грацианского [и др.] _nИзд-во Кн. сектора Губоно _oНепериод. изд., посвящ. вопр. преподавания математики в Трудовой шк. 1 и 2 ступ. : Сб. _tМатематика в школе _v№ 3 |
|
| 801 | 0 |
_aRU _bNLR _c20080507 |
|
| 852 |
_aNLR _j11/194 |
||
| 942 | _cBOOK | ||
| 980 | _aA1SV | ||
| 980 | _aNB | ||